[Event "Rome Elo op 5th"]
[Site "Rome"]
[Date "2009.10.14"]
[Round "4"]
[White "Marini, Riccardo"]
[Black "Barbieri, Massimiliano"]
[Result "1-0"]
[WhiteElo "1727"]
[BlackElo "1612"]
[PlyCount "85"]
[EventDate "2009.09.16"]
[EventType "swiss"]
[EventRounds "5"]
[EventCountry "ITA"]
[SourceTitle "EXT 2012"]
[Source "ChessBase"]
[SourceDate "2011.11.24"]
[SourceVersion "1"]
[SourceVersionDate "2011.11.24"]
[SourceQuality "1"]

1. d4 d5 2. Nf3 Nf6 3. e3 Bg4 4. c4 e6 5. Qb3 Bxf3 6. Qxb7 Bxg2 7. Bxg2 Nbd7 8. Nc3 Rb8 9. Qc6 dxc4 10. Qxc4 Bb4 11. a3 Ba5 12. b4 Bb6 13. a4 a5 14. b5 0-0 15. Ba3 Re8 16. Bc6 Ng4 17. Qe2 Ngf6 18. Rg1 Nd5 19. Qg4 g6 20. Nxd5 exd5 21. Bxd7 Re4 22. Qh3 Bxd4 23. Rd1 Bc3+ 24. Kf1 Rh4 25. Qg3 Rxa4 26. b6 Qxd7 27. bxc7 Rc8 28. Bd6 Rg4 29. Qxg4 f5 30. Qg3 Bb4 31. Bxb4 axb4 32. Rc1 b3 33. Qe5 d4 34. Qxd4 Qb5+ 35. Qc4+ Qxc4+ 36. Rxc4 b2 37. Kg2 Kf7 38. Rb1 Ke7 39. Rxb2 Kd7 40. Rd2+ Ke7 41. Rc6 g5 42. Rh6 Rh8 43. Rd8 1-0

[Event "Rome Elo op 5th"]
[Site "Rome"]
[Date "2009.09.23"]
[Round "2"]
[White "Barbieri, Massimiliano"]
[Black "Marcon, Marco"]
[Result "1-0"]
[WhiteElo "1612"]
[BlackElo "1449"]
[PlyCount "63"]
[EventDate "2009.09.16"]
[EventType "swiss"]
[EventRounds "5"]
[EventCountry "ITA"]
[SourceTitle "EXT 2012"]
[Source "ChessBase"]
[SourceDate "2011.11.24"]
[SourceVersion "1"]
[SourceVersionDate "2011.11.24"]
[SourceQuality "1"]

1. e4 g6 2. d4 Bg7 3. Nf3 d6 4. Nc3 Nd7 5. Bc4 e6 6. 0-0 Ne7 7. Re1 0-0 8. Bg5 Nb6 9. Be2 h6 10. Bf4 f5 11. e5 g5 12. exd6 cxd6 13. Bd2 Ng6 14. h3 a6 15. b3 Bd7 16. Na4 Nxa4 17. bxa4 Bxa4 18. Bc4 d5 19. Bd3 Qd6 20. Rb1 b5 21. Bb4 Qc6 22. Bxf8 Rxf8 23. Re3 Re8 24. Qd2 g4 25. hxg4 Nf4 26. gxf5 Nxd3 27. cxd3 exf5 28. Rxe8+ Qxe8 29. Re1 Qc6 30. Qe3 b4 31. Ne5 Bb5 32. Nxc6 1-0

[Event "Rome FIDE op 9th"]
[Site "Rome"]
[Date "2009.05.16"]
[Round "3"]
[White "Barbieri, Massimiliano"]
[Black "Iacoacci, Giancarlo"]
[Result "0-1"]
[WhiteElo "1302"]
[BlackElo "1751"]
[PlyCount "60"]
[EventDate "2009.05.15"]
[EventType "swiss"]
[EventRounds "5"]
[EventCountry "ITA"]
[SourceTitle "EXT 2011"]
[Source "ChessBase"]
[SourceDate "2010.11.26"]
[SourceVersion "1"]
[SourceVersionDate "2010.11.26"]
[SourceQuality "1"]

1. e4 c6 2. d4 d5 3. Nc3 dxe4 4. Nxe4 Nd7 5. Nf3 Ngf6 6. Nxf6+ Nxf6 7. Bd3 e6 8. 0-0 Bd6 9. Re1 0-0 10. Bg5 h6 11. Bxf6 Qxf6 12. c3 c5 13. Bc2 Rd8 14. Qd3 g6 15. Re4 b6 16. Qe3 Bb7 17. dxc5 Bxc5 18. Rf4 Qg7 19. Qe2 a5 20. Ne5 Ba6 21. Qf3 Qxe5 22. Rxf7 Rf8 23. Bxg6 Qg5 24. Bh5 Kh8 25. c4 Bxc4 26. Re1 Bd5 27. Qc3+ Kg8 28. Rg7+ Qxg7 29. Qxg7+ Kxg7 30. Kh1 Rxf2 0-1